Państwa, terytoria wchodzące w skład Imperium Niemieckiego (1870-1918) - Statystyki

Ogólne statystyki
  • Ten quiz został rozwiązany 98 razy
  • Średni wynik to 16 z 44
Statystyki odpowiedzi
Podpowiedź Odpowiedź % Poprawnych
Państwo zależne (1916-1918) Królestwo Polskie
77%
Królestwo Bawaria
74%
Królestwo Prusy
72%
Terytorium okupowane (1915-1918) Generalne Gubernatorstwo Warszawskie
71%
Królestwo Saksonia
62%
Państwo zależne (1918) Królestwo Litwy
58%
Wolne miasta Hamburg
57%
Państwo zależne (1918) Zjednoczone Księstwo Bałtyckie
57%
Terytorium okupowane (1914-1918) Generalne Gubernatorstwo Belgijskie
49%
Kolonia (1884-1915) Niemiecka Afryka Południowo-Zachodnia
49%
Państwo zależne (1918) Państwo Ukraińskie
48%
Księstwo Saksonia-Altenburg
48%
Księstwo Saksonia-Koburg-Gotha
48%
Księstwo Saksonia-Lauenburg
48%
Księstwo Saksonia-Meiningen
48%
Wielkie księstwo Saksonia-Weimar-Eisenach
48%
Państwo zależne (1917-1918) Ukraińska Republika Ludowa
48%
Terytorium okupowane (1915-1919) Ober-Ost
46%
Kolonia (1884-1915) Kamerun Niemiecki
45%
Państwo zależne (1918) Księstwo Kurlandii i Semigalii
45%
Wielkie księstwo Badenia
43%
Wolne miasta Brema
43%
Wielkie księstwo Hesja
40%
Kolonia (1885-1919) Niemiecka Afryka Wschodnia
40%
Królestwo Wirtembergia
40%
Terytoria Rzeszy Alzacja-Lotaryngia
35%
Kolonia (1884-1914) Togoland
34%
Wielkie księstwo Meklemburgia-Schwerin
28%
Wielkie księstwo Meklemburgia-Strelitz
28%
Protektorat (1885-1914) Nowa Gwinea Niemiecka
25%
Państwo zależne (1917-1918) Królestwo Finlandii
22%
Koncesja (1897-1914) Qingdao
17%
Księstwo Anhalt
15%
Wolne miasta Lubeka
15%
Wielkie księstwo Oldenburg
15%
Koncesja (1898-1914) Jiaozhou
14%
Protektorat (1899-1919) Samoa Niemieckie
14%
Księstwo Brunszwik
12%
Księstwo Lippe
12%
Księstwo Schaumburg-Lippe
8%
Księstwo Waldeck-Pyrmont
5%
Księstwo Reuss
3%
Księstwo Schwarzburg-Rudolstadt
3%
Księstwo Schwarzburg-Sondershausen
3%
Nie znaleziono quizów pasujących do podanych kryteriów
Rozkład punktacji
Procent ludzi z każdym wynikiem
Percentyl według liczby udzielonych odpowiedzi
Twoja historia wyników
Nie rozwiązałeś tego quizu